| 000 | 00780nam a22001577a 4500 | ||
|---|---|---|---|
| 005 | 20240726133802.0 | ||
| 008 | 240719b ||||| |||| 00| 0 eng d | ||
| 050 | _aQA276.M378(7e) | ||
| 245 |
_aA first course in statistics/ _cJames T. McClave |
||
| 250 | _a7e | ||
| 300 |
_axx, 537 p,: _c26cm. |
||
| 500 | _aIncludes index | ||
| 505 | _aContents: Statistics, data, and statistical thinking -- Methods for describing sets of data -- Probability -- Random variables and probability distributions -- Inferences based on a single sample: estimation with confidence intervals -- Inferences based on a simple test of hypothesis -- Comparing population means -- Comparing population proportions -- Simple linear regression | ||
| 700 |
_aSincich, Terry _92925 |
||
| 942 |
_2lcc _cBK _e7e |
||
| 999 |
_c10322 _d17822 |
||